Most popular Canadian boy names-top 10 - Statistics

General Stats
  • This quiz has been taken 22 times
  • The average score is 5 of 10
Answer Stats
number Answer % Correct
1,813 Liam
69%
1,341 William
63%
1,132 Jack
56%
2,162 Noah
56%
1,245 Oliver
56%
1,134 Benjamin
44%
1,416 Leo
38%
1,484 Theodore
38%
1,184 Lucas
31%
1,154 Thomas
31%
No matching quizzes found
Score Distribution
Percent of People with Each Score
Percentile by Number Answered
Your Score History
You have not taken this quiz